=LDR 00000nam 2200000 4500 =001 INLIS000000000036866 =005 20130612142628 =008 ***********************************Ind** =035 ##$$0010-061300000036866 =041 ##$$a Ind =082 ##$$a 641.5 =090 ##$$a 641.5, Win k =100 ##$$a Winneke, Odilia =245 ##$$a Kumpulan resep pilihan, cooking with style 3, Odilla Winneke =260 ##$$a 2011 $b Jakarta =300 ##$$a 56 hlm, ilus, 23 cm =650 ##$$a Masakan-resep =850 ##$$a NBPNMAT